Statistics for Which is Furthest East? - Multiple Choice

Click here to take the quiz!

General Stats

  • This quiz has been taken 83 times
  • The average score is 9 of 15

Answer Stats

QuestionAnswer% Correct
?Tokyo
89%
?Chad
85%
?New York
80%
?Caracas
77%
?French Guiana
76%
?Panama City
74%
?Paris
70%
?Jakarta
64%
?Montréal
59%
?Fiji
56%
?Brasília
50%
?Maui
44%
?Brisbane
38%
?Pretoria
36%
?Lahore
35%

Score Distribution

Percentile by Number Answered

Percent of People with Each Score

Your Score History

You have not taken this quiz